Idols qui auraient pu débuter dans d'autres groupes #2 - Statistiques

Statistiques générales
  • Ce quiz a été pris 3 fois
  • Le résultat moyen est 3 sur 10
Statistiques - réponses
Groupes actuels Idols Groupes potentiels % Correct
KATSEYE Yoonchae izna
100%
ALLDAY PROJECT Annie / Bailey MEOVV
50%
&TEAM EJ / K / Nicholas / TAKI ENHYPEN
50%
I.O.I puis Solo Somi Twice et ITZY
50%
Red Velvet Wendy CLC
50%
iKON B. I / Bobby / Chan / DK / Jay / Ju-ne / Song / Winner
0%
IZ*ONE Chaeyeon Twice
0%
Kep1er Dayeon IZ*ONE
0%
MEOVV Gawon BABYMONSTER
0%
UNCHILD Haeun Hearts2Hearts
0%
Aucun quiz correspondant
Distribution des résultats
% des personnes avec chaque résultat
Percentile par nombre de réponses
Votre historique - résultats
Vous n’avez pas pris ce quiz